<?xml version="1.0" encoding="UTF-8"?>
<record
    xmlns:xsi="http://www.w3.org/2001/XMLSchema-instance"
    xsi:schemaLocation="http://www.loc.gov/MARC21/slim http://www.loc.gov/standards/marcxml/schema/MARC21slim.xsd"
    xmlns="http://www.loc.gov/MARC21/slim">

  <leader>02639nam a22002177a 4500</leader>
  <controlfield tag="003">OSt</controlfield>
  <controlfield tag="005">20230824102615.0</controlfield>
  <controlfield tag="008">140916b        xxu||||| |||| 00| 0 eng d</controlfield>
  <datafield tag="020" ind1=" " ind2=" ">
    <subfield code="a">9783030830533</subfield>
  </datafield>
  <datafield tag="040" ind1=" " ind2=" ">
    <subfield code="c">LC</subfield>
  </datafield>
  <datafield tag="050" ind1=" " ind2=" ">
    <subfield code="a">HD9578.G42.P49</subfield>
  </datafield>
  <datafield tag="245" ind1=" " ind2=" ">
    <subfield code="a">Petroleum resource management in Africa: lessons from ten years of oil and gas production in Ghana. /</subfield>
    <subfield code="c">[edited by] Theophilus Acheampong, Thomas Kojo Stephens</subfield>
  </datafield>
  <datafield tag="260" ind1=" " ind2=" ">
    <subfield code="a">London:</subfield>
    <subfield code="b">Palgrave Macmillan,</subfield>
    <subfield code="c">2022.</subfield>
  </datafield>
  <datafield tag="300" ind1=" " ind2=" ">
    <subfield code="a">xlvii, 630p.:</subfield>
    <subfield code="c">23cm.</subfield>
  </datafield>
  <datafield tag="500" ind1=" " ind2=" ">
    <subfield code="a">Includes bibliographic references and  index.</subfield>
  </datafield>
  <datafield tag="505" ind1=" " ind2=" ">
    <subfield code="a">Contents: Regulating and managing Ghana's upstream oil and gas industry: Examining Ghana's Petroleum Act, 2016 (Act 919) and other legislative developments -- Role and contribution of the Ghana National Petroleum Corporation (GNPC) as a national oil company: a reflection -- On the road to Ghana's jubilee oil discovery: policy actions and initiatives -- Setting up a national petroleum regulator: the petroleum commission and management of Ghana's petroleum resources -- The Ghana-Cote D'Ivoire Maritime boundary dispute: a view from the Ghana side -- Teamwork and interaction in the preparation and management of the Ghana-Cote-D'Ivoire Maritime boundary litigation -- Oil and gas and Ghana's economy: Competitiveness of Ghana's upstream petroleum fiscal regime: fit for purpose? -- Fiscal policy and petroleum revenue management: is Ghana on the path to beating the resource curse? -- The PRMA as Ghana's Petroleum-Based Sovereign Wealth Fund (SWF): Fiscal framework and performance -- Local content and local participation in the Oil and Gas industry: Has Ghana gotten it right? -- Utilising Ghana's natural gas resources: implications for industrial development and inclusive growth -- Oil and Gas governance and lessons learnt: The Ghanaian state and governance of the upstream oil and gas industry -- Public interest organisations, transparency initiatives and petroleum sector oversight and accountability -- The social injustices of Ghana's oil industry -- Travails of Ghana's decade of crude oil production and exports: lessons and policy prescriptions -- International perspectives and conclusions: Energy transition and Africa's Oil and Gas resources: challenges and opportunities -- Use and application of local content policies to pursue equitable petroleum resource management: lessons from other producer countries -- Conclusion: the future of Ghana's petroleum industry -- </subfield>
  </datafield>
  <datafield tag="650" ind1=" " ind2=" ">
    <subfield code="a">Petroleum industry and trade - Ghana.</subfield>
    <subfield code="9">2275</subfield>
  </datafield>
  <datafield tag="700" ind1=" " ind2=" ">
    <subfield code="a">Acheampong, Theophilus</subfield>
    <subfield code="9">2276</subfield>
  </datafield>
  <datafield tag="700" ind1=" " ind2=" ">
    <subfield code="a">Stephens, Thomas Kojo</subfield>
    <subfield code="9">2223</subfield>
  </datafield>
  <datafield tag="942" ind1=" " ind2=" ">
    <subfield code="2">lcc</subfield>
    <subfield code="c">BK</subfield>
  </datafield>
  <datafield tag="999" ind1=" " ind2=" ">
    <subfield code="c">10007</subfield>
    <subfield code="d">17507</subfield>
  </datafield>
  <datafield tag="952" ind1=" " ind2=" ">
    <subfield code="0">0</subfield>
    <subfield code="1">0</subfield>
    <subfield code="2">lcc</subfield>
    <subfield code="4">0</subfield>
    <subfield code="7">0</subfield>
    <subfield code="a">WIUC-KL</subfield>
    <subfield code="b">WIUC-KL</subfield>
    <subfield code="c">LL</subfield>
    <subfield code="d">2023-08-23</subfield>
    <subfield code="l">0</subfield>
    <subfield code="o">HD9578.G42.P49</subfield>
    <subfield code="p">KSL/2545/747/23</subfield>
    <subfield code="r">2023-08-24 00:00:00</subfield>
    <subfield code="t">1</subfield>
    <subfield code="w">2023-08-24</subfield>
    <subfield code="y">BK</subfield>
  </datafield>
  <datafield tag="952" ind1=" " ind2=" ">
    <subfield code="0">0</subfield>
    <subfield code="1">0</subfield>
    <subfield code="2">lcc</subfield>
    <subfield code="4">0</subfield>
    <subfield code="7">0</subfield>
    <subfield code="a">WIUC-KL</subfield>
    <subfield code="b">WIUC-KL</subfield>
    <subfield code="c">LL</subfield>
    <subfield code="d">2023-08-23</subfield>
    <subfield code="l">0</subfield>
    <subfield code="o">HD9578.G42.P491</subfield>
    <subfield code="p">KSL/2546/748/23</subfield>
    <subfield code="r">2023-08-24 00:00:00</subfield>
    <subfield code="t">2</subfield>
    <subfield code="w">2023-08-24</subfield>
    <subfield code="y">BK</subfield>
  </datafield>
  <datafield tag="952" ind1=" " ind2=" ">
    <subfield code="0">0</subfield>
    <subfield code="1">0</subfield>
    <subfield code="2">lcc</subfield>
    <subfield code="4">0</subfield>
    <subfield code="7">0</subfield>
    <subfield code="a">WIUC-KL</subfield>
    <subfield code="b">WIUC-KL</subfield>
    <subfield code="c">LL</subfield>
    <subfield code="d">2023-08-23</subfield>
    <subfield code="l">0</subfield>
    <subfield code="o">HD9578.G42.P492</subfield>
    <subfield code="p">KSL/2547/749/23</subfield>
    <subfield code="r">2023-08-24 00:00:00</subfield>
    <subfield code="t">3</subfield>
    <subfield code="w">2023-08-24</subfield>
    <subfield code="y">BK</subfield>
  </datafield>
  <datafield tag="952" ind1=" " ind2=" ">
    <subfield code="0">0</subfield>
    <subfield code="1">0</subfield>
    <subfield code="2">lcc</subfield>
    <subfield code="4">0</subfield>
    <subfield code="7">0</subfield>
    <subfield code="a">WIUC-1</subfield>
    <subfield code="b">WIUC-1</subfield>
    <subfield code="c">LL</subfield>
    <subfield code="d">2023-08-25</subfield>
    <subfield code="l">0</subfield>
    <subfield code="o">HD9578.G42.P49</subfield>
    <subfield code="p">3243/352/23</subfield>
    <subfield code="r">2023-08-25 00:00:00</subfield>
    <subfield code="t">1</subfield>
    <subfield code="w">2023-08-25</subfield>
    <subfield code="y">BK</subfield>
  </datafield>
  <datafield tag="952" ind1=" " ind2=" ">
    <subfield code="0">0</subfield>
    <subfield code="1">0</subfield>
    <subfield code="2">lcc</subfield>
    <subfield code="4">0</subfield>
    <subfield code="7">0</subfield>
    <subfield code="a">WIUC-1</subfield>
    <subfield code="b">WIUC-1</subfield>
    <subfield code="c">LL</subfield>
    <subfield code="d">2023-08-25</subfield>
    <subfield code="l">0</subfield>
    <subfield code="o">HD9578.G42.P491</subfield>
    <subfield code="p">3244/353/23</subfield>
    <subfield code="r">2023-08-25 00:00:00</subfield>
    <subfield code="t">2</subfield>
    <subfield code="w">2023-08-25</subfield>
    <subfield code="y">BK</subfield>
  </datafield>
  <datafield tag="952" ind1=" " ind2=" ">
    <subfield code="0">0</subfield>
    <subfield code="1">0</subfield>
    <subfield code="2">lcc</subfield>
    <subfield code="4">0</subfield>
    <subfield code="7">0</subfield>
    <subfield code="a">WIUC-1</subfield>
    <subfield code="b">WIUC-1</subfield>
    <subfield code="c">LL</subfield>
    <subfield code="d">2023-08-25</subfield>
    <subfield code="l">0</subfield>
    <subfield code="o">HD9578.G42.P492</subfield>
    <subfield code="p">3245/354/23</subfield>
    <subfield code="r">2023-08-25 00:00:00</subfield>
    <subfield code="t">3</subfield>
    <subfield code="w">2023-08-25</subfield>
    <subfield code="y">BK</subfield>
  </datafield>
  <datafield tag="952" ind1=" " ind2=" ">
    <subfield code="0">0</subfield>
    <subfield code="1">0</subfield>
    <subfield code="2">lcc</subfield>
    <subfield code="4">0</subfield>
    <subfield code="7">0</subfield>
    <subfield code="a">WIUC-1</subfield>
    <subfield code="b">WIUC-1</subfield>
    <subfield code="c">REF LAW SECTION</subfield>
    <subfield code="d">2024-07-15</subfield>
    <subfield code="o">HD9578.G42.P49</subfield>
    <subfield code="p">162/162/24</subfield>
    <subfield code="r">2024-07-15 00:00:00</subfield>
    <subfield code="t">1</subfield>
    <subfield code="w">2024-07-15</subfield>
    <subfield code="y">BK</subfield>
  </datafield>
</record>
